| 000 | 00954cam a2200241 4500 | ||
|---|---|---|---|
| 008 | 090401t1990 xxu||||| |||| 00| 0 eng d | ||
| 020 | _a9519609725 | ||
| 035 | _a(Sirsi) u36224 | ||
| 041 | _aeng | ||
| 050 | _a526.9 | ||
| 110 | _aFederation International Des Geometres | ||
| 245 | _aXVIX (i.e. XIX) congress ... Helsinki , Finland, June 10-19 1990: commission 9 ... valuation and management | ||
| 260 |
_aHelsinki _bFIG _c1990 |
||
| 300 | _a262p. : ill. ; 21cm. | ||
| 350 | _a0 | ||
| 520 | _aPapers include:-Appraisal of risk/ WALDY,B. -Knowledge based approach to mortgage valuation / GRONOW,S. SCOTT,I. -Surveying education / WEATHERHEAD,M. -Education training of valuers in Europe/ PLIMMER,F. -Computerised property valuation/ DIXON,T. - Securitisation / MAXTED,W. | ||
| 650 | _aCOMPUTERS | ||
| 650 | _aESTATE MANAGEMENT | ||
| 650 | _aPROPERTY INVESTMENT | ||
| 650 |
_aRESIDENTIAL PROPERTY _96266 |
||
| 942 | _n0 | ||
| 948 | _c04/03/1997 | ||
| 999 |
_c90221 _d90221 |
||